Qui chante ? (chansons française) - Statistiques

Statistiques générales
  • Ce quiz a été pris 262 fois
  • Le résultat moyen est 24 sur 40
Statistiques - réponses
Hint Réponse % Correct
Ma philosophie Amel Bent
90%
Formidable Stromae
89%
Allumer le feu Johnny Hallyday
87%
En apesanteur Calogero
86%
Mistral gagnant Renaud
86%
J'ai demandé à la lune Indochine
85%
Tchikita Jul
83%
Je veux Zaz
83%
Je l'aime à mourir Francis Cabrel
82%
Bruxelles, je t'aime Angèle
79%
Pas là Vianney
79%
Cendrillon Téléphone
78%
Ninao Gims
76%
Savoir aimer Florent Pagny
75%
L'aziza Daniel Balavoine
72%
Ecris l'histoire Grégory Lemarchal
71%
Qui à le droit Patrick Bruel
71%
Comportement Aya Nakamura
69%
Ceux qu'on était Pierre Garnier
67%
Ma révolution Jenifer
66%
La groupie du pianiste Michel Berger
65%
En chantant Michel Sardou
61%
Le téléphone pleure Claude François
59%
Speed Zazie
57%
Paname Slimane
56%
Fan Pascal Obispo
53%
Summer body Helena
52%
Feel Good Charlotte Cardin
50%
Beau malheur Emmanuel Moire
45%
Jeune et con Saez
40%
Mesdames Grand corps malade
34%
Tout Lara Fabian
33%
Qui saura Mike Brant
33%
Ta main Grégoire
32%
Destin Céline Dion
30%
Les limites Julien Doré
29%
Vancouver Véronique Sanson
29%
Jeanne Laurent Voulzy
24%
Un homme heureux William Sheller
24%
Flamme Juliette Armanet
19%
Aucun quiz correspondant
Distribution des résultats
% des personnes avec chaque résultat
Percentile par nombre de réponses
Votre historique - résultats
Vous n’avez pas pris ce quiz